Chèvre - Culture générale - Statistiques

Statistiques générales
  • Ce quiz a été pris 198 fois
    110 depuis la dernière actualisation
  • Le résultat moyen est 7 sur 15
Statistiques - réponses
Question Reponse % Correct
Mâle de la chèvre Bouc
95%
Signe astrologique du début de l'année Capricorne
80%
Malheureux propriétaire d'une chèvre dans un conte monsieur Seguin
79%
Petit de la chèvre Chevreau
76%
Nom familier pour designer une chèvre Biquette
58%
Personne a qui l'on fait endosser toutes les fautes Bouc émissaire
53%
Fromage cylindrique au lait de chèvre Buche
45%
Que si signifie l'acronyme GOAT utilisé dans le sport Greatest Of All Time
44%
Fibre animal douce issue de chèvre associé au luxe Cachemire
43%
Équivalent sauvage de la chèvre dans les Alpes Chamois
37%
Jeu loufoque dans lequel on contrôle une chèvre Goat simulator
33%
Divinité à corps d'homme, à cornes et à pieds de bouc. Satyre
27%
Famille de la chèvre Caprins
20%
Club de foot allemand dont le bouc est la mascotte FC Cologne
19%
→ Comment s'appelle cette chèvre Blanquette
13%
Aucun quiz correspondant
Distribution des résultats
% des personnes avec chaque résultat
Percentile par nombre de réponses
Votre historique - résultats
Vous n’avez pas pris ce quiz depuis la dernière actualisation